Guía práctica : (Record no. 27029)

MARC details
000 -CABECERA
campo de control de longitud fija 00980nam a2200229 a 4500
005 - FECHA Y HORA DE LA ÚLTIMA TRANSACCIÓN
campo de control 20251210064038.0
008 - ELEMENTOS DE LONGITUD FIJA--INFORMACIÓN GENERAL
campo de control de longitud fija 991125s1994 mx 000 0 spa u
020 ## - NÚMERO INTERNACIONAL NORMALIZADO PARA LIBROS
Número Internacional Estándar del Libro 9700300447
035 ## - NÚMERO DE CONTROL DEL SISTEMA
Número de control de sistema UPN01000027029
049 ## - COLECCIÓN
Colección LT
050 #4 - SIGNATURA TOPOGRÁFICA DE LA BIBLIOTECA DEL CONGRESO
Número de clasificación LB1555 M6.5
Número de documento/Ítem M4.3 1994 LE
100 1# - ASIENTO PRINCIPAL--NOMBRE PERSONAL
Nombre de persona Moreno Aguilar, Arcadio
9 (RLIN) 29391
245 10 - MENCIÓN DE TÍTULO
Título Guía práctica :
Resto del título quinto grado /
Mención de responsabilidad, etc. por Francisco Méndez Gutiérrez, Arcadio Moreno Aguilar, Ma. Antonieta Malváez Silva
260 ## - PUBLICACIÓN, DISTRIBUCIÓN, ETC.
Lugar de publicación, distribución, etc. México :
Nombre del editor, distribuidor, etc. Fernández,
Fecha de publicación, distribución, etc. 1994
300 ## - DESCRIPCIÓN FÍSICA
Extensión 404 p. :
Otras características físicas il.
500 ## - NOTA GENERAL
Nota general "Conceptos básicos, ejercicios y actividades para los alumnos de quinto grado : español, matemáticas, ciencias naturales, historia, geografía, educación cívica"
500 ## - NOTA GENERAL
Nota general "De acuerdo con los contenidos básicos del programa para la modernización educativa, elaborado por la SEP"
650 #4 - ASIENTO SECUNDARIO DE MATERIA - TERMINO TEMATICO
Término de materia o nombre geográfico como elemento de entrada Educación primaria
9 (RLIN) 1552
700 1# - ASIENTO SECUNDARIO--NOMBRE DE PERSONAL
Nombre de persona Malváez Silva, María Antonieta,
Término indicativo de función/relación coaut.
9 (RLIN) 29108
904 ## - ELEMENTOS DE DATOS D LOCAL, LDD (RLIN)
a AC
b 027030
905 ## - TIPO DE MATERIAL
Tipo de material Libro
Holdings
Estado de retiro Estado de pérdida Fuente del sistema de clasificación o colocación Estado dañado No para préstamo Código de colección Localización permanente Ubicación/localización actual Ubicación en estantería Enumeración/cronología de publicación seriada Total de préstamos Clasificación Código de barras Fecha visto por última vez Número de copia Tipo de ítem Koha
    Library of Congress Classification   Coleccion LT Libros de texto Bib. Gregorio Torres Quintero Bib. Gregorio Torres Quintero Libros de Texto -   LB1555 M6.5 M4.3 1994 127215 31/12/2020 1 Libro